K/S Lincoln; K/S Chesterfield; K/S Quayside; K/S Wellingborough v CB Richard Ellis Hotels Ltd (Record no. 82488)
[ view plain ]
| 000 -LEADER | |
|---|---|
| fixed length control field | 01101cad a22002055a 4500 |
| 001 - CONTROL NUMBER | |
| control field | L150382 |
| 008 - FIXED-LENGTH DATA ELEMENTS--GENERAL INFORMATION | |
| fixed length control field | 100707e2010 xxk 000 0 eng d |
| 035 ## - SYSTEM CONTROL NUMBER | |
| System control number | (Sirsi) u150382 |
| 041 0# - LANGUAGE CODE | |
| Language code of text/sound track or separate title | eng |
| 245 00 - TITLE STATEMENT | |
| Title | K/S Lincoln; K/S Chesterfield; K/S Quayside; K/S Wellingborough v CB Richard Ellis Hotels Ltd |
| Medium | [electronic resource] |
| 260 ## - PUBLICATION, DISTRIBUTION, ETC. | |
| Date of publication, distribution, etc. | 2010 |
| 520 ## - SUMMARY, ETC. | |
| Summary, etc. | [2010] EWHC 1156 (TCC) 24 May 2010. Concerned with valuers' predictions on rental growth noted in valuation reports for four hotels and allegations that the valuations were too high and outside any permissible bracket or margin of error. "Held." Claim for negligence dismissed on grounds that valuation was within permissible 10% margin of error. |
| 590 ## - LOCAL NOTE (RLIN) | |
| Local note | KA |
| 650 24 - SUBJECT ADDED ENTRY--TOPICAL TERM | |
| Topical term or geographic name entry element | K/S LINCOLN AND OTHERS V CB RICHARD ELLIS HOTELS LTD |
| 651 #4 - SUBJECT ADDED ENTRY--GEOGRAPHIC NAME | |
| Geographic name | United Kingdom |
| Chronological subdivision | |
| 690 ## - LOCAL SUBJECT ADDED ENTRY--TOPICAL TERM (OCLC, RLIN) | |
| Topical term or geographic name as entry element | PROPERTY-PROPERTY APPRAISAL AND VALUATION |
| 690 ## - LOCAL SUBJECT ADDED ENTRY--TOPICAL TERM (OCLC, RLIN) | |
| Topical term or geographic name as entry element | MANAGEMENT-BUSINESS MANAGEMENT-PROFESSIONAL PRACTICE-NEGLIGENCE |
| 856 48 - ELECTRONIC LOCATION AND ACCESS | |
| Uniform Resource Identifier | <a href="https://www.www.bailii.org/ew/cases/EWHC/TCC/2010/1156.html">https://www.www.bailii.org/ew/cases/EWHC/TCC/2010/1156.html</a> |
| Public note | View this item free of charge at www.bailii.org |
| 942 ## - ADDED ENTRY ELEMENTS (KOHA) | |
| Suppress in OPAC | 0 |
| Withdrawn status | Lost status | Source of classification or shelving scheme | Damaged status | Not for loan | Home library | Current library | Shelving location | Date acquired | Total Checkouts | Full call number | Barcode | Date last seen | Copy number | Price effective from | Koha item type |
|---|---|---|---|---|---|---|---|---|---|---|---|---|---|---|---|
| Dewey Decimal Classification | Virtual | Virtual | Online | 07/07/2010 | ONLINE PUBLICATION | 150382-2001 | 06/08/2019 | 1 | 06/08/2019 | Law report |